<?xml version="1.0" encoding="UTF-8"?>
<collection xmlns="http://www.loc.gov/MARC21/slim">
 <record>
  <leader>01790nam a22002177a 4500</leader>
  <controlfield tag="001">NCT_4_017972</controlfield>
  <controlfield tag="008">250417b        xxu||||| |||| 00| 0 vie d</controlfield>
  <datafield tag="999" ind1=" " ind2=" ">
   <subfield code="c">8862</subfield>
   <subfield code="d">8862</subfield>
  </datafield>
  <datafield tag="020" ind1=" " ind2=" ">
   <subfield code="a">9786048030834</subfield>
  </datafield>
  <datafield tag="082" ind1="0" ind2="4">
   <subfield code="2">23rd ed.</subfield>
   <subfield code="a">330.0285</subfield>
   <subfield code="b">Đ552</subfield>
  </datafield>
  <datafield tag="100" ind1="1" ind2=" ">
   <subfield code="a">Đặng Thị Việt Đức</subfield>
   <subfield code="e">Chủ biên</subfield>
  </datafield>
  <datafield tag="245" ind1="1" ind2="0">
   <subfield code="a">Hệ sinh thái dữ liệu chính phủ mở cho doanh nghiệp Việt Nam</subfield>
   <subfield code="b">(Sách chuyên khảo)</subfield>
   <subfield code="c">Đặng Thị Việt Đức (chủ biên), Nguyễn Thành Luân, Đặng Quan Trí</subfield>
  </datafield>
  <datafield tag="260" ind1=" " ind2=" ">
   <subfield code="a">H.</subfield>
   <subfield code="b">Thông tin và Truyền thông</subfield>
   <subfield code="c">2025</subfield>
  </datafield>
  <datafield tag="300" ind1=" " ind2=" ">
   <subfield code="a">179 tr.</subfield>
   <subfield code="b">bảng, biểu đồ</subfield>
   <subfield code="c">24 cm.</subfield>
  </datafield>
  <datafield tag="520" ind1="3" ind2=" ">
   <subfield code="a">Cuốn sách &quot;Hệ sinh thái dữ liệu chính phủ mở cho doanh nghiệp Việt Nam&quot; giới thiệu mô hình hệ sinh thái dữ liệu quốc gia tích hợp, giúp doanh nghiệp tiếp cận dữ liệu công khai một cách minh bạch và an toàn. Điều này hỗ trợ doanh nghiệp trong việc ra quyết định chiến lược, tối ưu hóa hoạt động và thúc đẩy đổi mới sáng tạo. Thông qua việc kết nối với các nền tảng dữ liệu đáng tin cậy, doanh nghiệp có thể tận dụng dữ liệu để phát triển bền vững và nâng cao năng lực cạnh tranh trong kỷ nguyên số.​</subfield>
  </datafield>
  <datafield tag="653" ind1=" " ind2=" ">
   <subfield code="a">Quản trị Kinh doanh</subfield>
  </datafield>
  <datafield tag="700" ind1="1" ind2=" ">
   <subfield code="a">Nguyễn Thành Luân</subfield>
  </datafield>
  <datafield tag="700" ind1="1" ind2=" ">
   <subfield code="a">Đặng Quan Trí</subfield>
  </datafield>
  <datafield tag="942" ind1=" " ind2=" ">
   <subfield code="2">ddc</subfield>
   <subfield code="c">BK</subfield>
  </datafield>
  <datafield tag="952" ind1=" " ind2=" ">
   <subfield code="0">0</subfield>
   <subfield code="1">0</subfield>
   <subfield code="2">ddc</subfield>
   <subfield code="4">0</subfield>
   <subfield code="6">330_028500000000000_Đ552</subfield>
   <subfield code="7">0</subfield>
   <subfield code="9">30515</subfield>
   <subfield code="a">000001</subfield>
   <subfield code="b">000001</subfield>
   <subfield code="d">2025-04-17</subfield>
   <subfield code="o">330.0285 Đ552</subfield>
   <subfield code="p">MD.23670</subfield>
   <subfield code="r">2025-04-17</subfield>
   <subfield code="w">2025-04-17</subfield>
   <subfield code="y">BK</subfield>
  </datafield>
  <datafield tag="980" ind1=" " ind2=" ">
   <subfield code="a">Thư viện Trường Đại học Nam Cần Thơ</subfield>
  </datafield>
 </record>
</collection>
